| 000 | 00576nam a22001457a 4500 | ||
|---|---|---|---|
| 003 | 0 | ||
| 005 | 20160609172202.0 | ||
| 008 | 130812t xxu||||| |||| 00| 0 eng d | ||
| 040 |
_aBUAC _bFr _cBEPAC |
||
| 100 |
_aAHOUANDJINOU, Hermione Ingrid M. _926139 |
||
| 245 |
_aEffet de la pollution atmosphérique liée au trafic véhiculaire sur la prévalence des maladies des voies respiratoires en milieu urbain : cas de la ville de Cotonou _cAHOUANDJINOU, Hermione Ingrid M. |
||
| 260 |
_aAbomey-Calavi _bEcole Polytechnique d’Abomey-Calavi _c2007 |
||
| 300 | _a42p. | ||
| 942 | _cTHE | ||
| 999 |
_c52395 _d52395 |
||